秘芨录存 (Record no. 48867)

000 -LEADER
fixed length control field 00538nam a22001817a 4500
003 - CONTROL NUMBER IDENTIFIER
control field MPLRDC
005 - DATE AND TIME OF LATEST TRANSACTION
control field 20220104144347.0
008 - FIXED-LENGTH DATA ELEMENTS--GENERAL INFORMATION
fixed length control field 210129b ||||| |||| 00| 0 eng d
082 ## - DEWEY DECIMAL CLASSIFICATION NUMBER
Classification number 627.6 WSX
100 ## - MAIN ENTRY--PERSONAL NAME
Personal name 吴世湘, 中国社会科院近代史研究所近代史资料编辑室主编
245 ## - TITLE STATEMENT
Title 秘芨录存
Statement of responsibility, etc.
250 ## - EDITION STATEMENT
Edition statement 一版
260 ## - PUBLICATION, DISTRIBUTION, ETC.
Place of publication, distribution, etc.
Name of publisher, distributor, etc. 中国社会科学出版社
Date of publication, distribution, etc. 1981
300 ## - PHYSICAL DESCRIPTION
Other physical details
490 ## - SERIES STATEMENT
Series statement 近代史资料专刊
650 ## - SUBJECT ADDED ENTRY--TOPICAL TERM
Topical term or geographic name entry element 中国断代史--清朝近代: 鸦片战争以后
942 ## - ADDED ENTRY ELEMENTS (KOHA)
Koha item type Book
-- 627.6 WSX
Holdings
Withdrawn status Lost status Source of classification or shelving scheme Damaged status Not for loan Collection code Home library Current library Shelving location Date acquired Cost, normal purchase price Total Checkouts Full call number Barcode Date last seen Date last checked out Price effective from Koha item type Public note
            Malaysian Public Library, Research and Development Centre Malaysian Public Library, Research and Development Centre   10/12/2007 3.00   627.6 WSX 00049034 18/03/2021 10/12/2007 18/03/2021 Book mplrdc

© 2022. Malaysian Public Library, Research and Development Centre. All Right ReservedE-mailmplrdc@help.edu.my 

Powered by Koha